00925cam a2200253 i 45000010005000000030008000050050017000130080041000300200017000710200024000880350018001120400031001300410008001610820025001691000033001942450200002272600038004273000035004655040030005006510045005306510041005757000039006167100016006551850BD-RjUL20211208233427.0131209s1979 dcua b 000 0 eng d a0801822696 : a0801822629 (pbk.) : a(BD-RjUL)1877 aDLCcDLCdDLCdBD-RjUbeng aeng00a330.949803bTSR 19791 aTsantis, Andreas C.,d1942- 10aRomania, the industrialization of an agrarian economy under Socialist planning :breport of a mission sent to Romania by the World Bank /cAndreas C. Tsantis and Roy Pepper, coordinating authors. aWashington :bWorld Bank,cc1979. axxxv, 707 p. :bill. ;c23 cm. aBibliography: p. 703-707. 0aRomaniaxEconomic conditionsy1945-1989. 0aRomaniaxEconomic policyy1945-1989.1 aPepper, Roy,d1949-ejoint author.2 aWorld Bank.